00524 2200205 4500001002100000005001500021035002000036007000300056008004100059020001800100082001000118084001600128100001700144245003700161250001100198260003800209300004500247650001000292990001600302INLIS00000000000015320231013024910 a0010-1023000089ta231013 g 0 ind  a979-489-292-0 a635.6 a635.6 ADH a0 aAdhi Santika1 aAgribisnis Cabai /cAdhi Santika aCet. 8 aJakarta :bPenebar Swadaya,c2006 aviii, 183 hlm, :bilus, ;c14 cm x 21 cm 4aCabai a00000000163